Microeconomics
Salvato in:
| Autore principale: | |
|---|---|
| Altri autori: | |
| Natura: | Libro |
| Lingua: | inglese |
| Pubblicazione: |
Hampshire
South-Western Cengage Learning
2011
|
| Edizione: | 2nd ed. |
| Soggetti: | |
| Tags: |
Nessun Tag, puoi essere il primo ad aggiungerne!!
|
MARC
| LEADER | 00000nam a2200000 4500 | ||
|---|---|---|---|
| 001 | 0135416 | ||
| 005 | 20240226124633.4 | ||
| 020 | |a 978-1-4080-1791-3 | ||
| 041 | 0 | |a eng | |
| 044 | |a GB | ||
| 245 | 1 | 0 | |a Microeconomics |c N. Gregory Mankiw and Mark P. Taylor |
| 250 | |a 2nd ed. | ||
| 264 | 1 | |a Hampshire |b South-Western Cengage Learning |c 2011 | |
| 300 | |a xix, 494 s. | ||
| 610 | 2 | 0 | |a mikroekonomika |
| 610 | 2 | 0 | |a veda ekonomická |
| 610 | 2 | 0 | |a dopyt |
| 610 | 2 | 0 | |a ponuka |
| 610 | 2 | 0 | |a trh |
| 610 | 2 | 0 | |a bohatstvo |
| 610 | 2 | 0 | |a produkcia |
| 610 | 2 | 0 | |a zákazníci |
| 610 | 2 | 0 | |a dane |
| 610 | 2 | 0 | |a obchod medzinárodný |
| 610 | 2 | 0 | |a sektor verejný |
| 610 | 2 | 0 | |a politika daňová |
| 610 | 2 | 0 | |a monopoly |
| 610 | 2 | 0 | |a oligopoly |
| 610 | 2 | 0 | |a trh práce |
| 610 | 2 | 0 | |a príjmy |
| 610 | 2 | 0 | |a chudoba |
| 100 | 1 | |a Mankiw, N. Gregory | |
| 700 | 1 | |a Taylor, Mark P. | |